[Event "I Festival A"]
[Site "Forni di Sopra ITA"]
[Date "2011.06.13"]
[Round "2"]
[White "Esserman, Marc"]
[Black "Korneev, Oleg"]
[WhiteElo "2439"]
[BlackElo "2573"]
[Result "0-1"]
[PlyCount "100"]
[EventDate "2011.06.12"]

1. e4 e5 2. Nf3 Nc6 3. Nc3 Nf6 4. Bb5 Bc5 5. O-O O-O 6. Nxe5 Nxe5 7. d4 Bd6 8.
f4 Neg4 9. e5 Be7 10. Be2 d6 11. exf6 Nxf6 12. f5 d5 13. Bg5 Re8 14. Qd3 c6 15.
Rae1 Bd7 16. Bd1 h6 17. Bh4 Nh7 18. Bg3 Qb6 19. Rxe7 Rxe7 20. f6 Nxf6 21. Rxf6
gxf6 22. Bh4 Qc7 23. Qd2 Rae8 24. Qxh6 Re1+ 25. Bxe1 Rxe1+ 26. Kf2 Re8 27. Ne2
Qd6 28. c3 Bf5 29. Ng3 Qe6 30. Qd2 Bg6 31. h4 b6 32. Be2 c5 33. Qf4 cxd4 34.
cxd4 Kh7 35. h5 Bb1 36. Qc1 Be4 37. Qf4 f5 38. Bf3 Qf6 39. Bxe4 Qxd4+ 40. Kf1
Qd1+ 41. Kf2 Qd4+ 42. Kf1 dxe4 43. Qxf5+ Kh8 44. Ne2 Qd1+ 45. Kf2 e3+ 46. Kg3
Qxe2 47. Qf6+ Kg8 48. Qg5+ Kf8 49. Qh6+ Ke7 50. Qg5+ f6 0-1

[Event "I Festival A"]
[Site "Forni di Sopra ITA"]
[Date "2011.06.13"]
[Round "2"]
[White "Gurevich, Mikhail N."]
[Black "Dvirnyy, Danyyil"]
[WhiteElo "2617"]
[BlackElo "2448"]
[Result "1/2-1/2"]
[PlyCount "56"]
[EventDate "2011.06.12"]

1. d4 Nf6 2. c4 e6 3. Nc3 Bb4 4. e3 O-O 5. Nge2 d5 6. a3 Be7 7. cxd5 Nxd5 8.
Qc2 Nd7 9. e4 Nxc3 10. Nxc3 c5 11. d5 Nf6 12. Bc4 exd5 13. Nxd5 Be6 14. O-O
Bxd5 15. exd5 Bd6 16. Re1 Re8 17. Bd2 Qd7 18. Bc3 Rxe1+ 19. Rxe1 Re8 20. Re2
Ng4 21. Rxe8+ Qxe8 22. Qf5 Ne5 23. Be2 Qd7 24. Qe4 Qe7 25. a4 g6 26. f4 Nc6 27.
Bd3 Qxe4 28. Bxe4 Nd4 1/2-1/2

[Event "I Festival A"]
[Site "Forni di Sopra ITA"]
[Date "2011.06.13"]
[Round "2"]
[White "Klinova, Masha"]
[Black "Okhotnik, Vladimir"]
[WhiteElo "2315"]
[BlackElo "2486"]
[Result "1/2-1/2"]
[PlyCount "89"]
[EventDate "2011.06.12"]

1. e4 c5 2. Nf3 e6 3. c4 Nc6 4. Nc3 Nge7 5. Be2 Nd4 6. O-O Nec6 7. d3 Be7 8.
Nxd4 cxd4 9. Nb1 a6 10. Nd2 O-O 11. a3 b5 12. b4 d6 13. Bb2 Bb7 14. cxb5 axb5
15. f4 e5 16. fxe5 dxe5 17. Nb3 Bg5 18. Nc5 Be3+ 19. Kh1 Bc8 20. Bg4 g6 21.
Bxc8 Rxc8 22. Qg4 Rc7 23. Rf3 Qg5 24. Qh3 Qh6 25. Qg4 Qg5 26. Qh3 Qe7 27. Raf1
Nd8 28. g3 f6 29. Qg4 Kg7 30. h4 h5 31. Qh3 Rf7 32. Bc1 Rxc5 33. bxc5 Qxc5 34.
Bxe3 dxe3 35. g4 e2 36. Re1 Ne6 37. gxh5 Nf4 38. Rxf4 exf4 39. Qf3 Qxh5 40.
Qxh5 gxh5 41. Rxe2 Ra7 42. Rb2 Rxa3 43. Rxb5 Rxd3 44. Rxh5 Kg6 45. Rf5 1/2-1/2

[Event "I Festival A"]
[Site "Forni di Sopra ITA"]
[Date "2011.06.13"]
[Round "2"]
[White "Leon Hoyos, Manuel"]
[Black "Sipos, Istvan"]
[WhiteElo "2563"]
[BlackElo "2423"]
[Result "1-0"]
[PlyCount "104"]
[EventDate "2011.06.12"]

1. Nf3 Nf6 2. g3 g6 3. b3 Bg7 4. Bb2 b6 5. Bg2 Bb7 6. d4 O-O 7. c4 c6 8. Nc3 d5
9. O-O Nbd7 10. Qc2 Rc8 11. e4 dxe4 12. Nxe4 Qc7 13. Rad1 Nxe4 14. Qxe4 c5 15.
Qe2 cxd4 16. Nxd4 Bxg2 17. Kxg2 Qb7+ 18. Kg1 Rfe8 19. Rd2 a6 20. Rfd1 Nc5 21.
Nf3 Bxb2 22. Rxb2 e5 23. Rbd2 e4 24. Ne1 Rc7 25. Rd8 Rce7 26. Ng2 Ne6 27. Rxe8+
Rxe8 28. h4 f5 29. Ne3 Qg7 30. Nd5 g5 31. Qh5 Rd8 32. hxg5 Nxg5 33. Kf1 h6 34.
Nxb6 Rxd1+ 35. Qxd1 Qb2 36. Nd5 Kg7 37. Ne3 f4 38. gxf4 Nf3 39. Qd7+ Kf8 40.
Qd6+ Kf7 41. Qd5+ Kf8 42. Qf5+ Kg7 43. Qd7+ Kf8 44. Kg2 Ne1+ 45. Kg3 Nd3 46.
Ng4 Qe2 47. Qc8+ Ke7 48. Qb7+ Kd8 49. Qb6+ Kd7 50. Nf6+ Ke7 51. Nd5+ Kd7 52.
Qc7+ Ke8 1-0

[Event "I Festival A"]
[Site "Forni di Sopra ITA"]
[Date "2011.06.13"]
[Round "2"]
[White "Makropoulou, Marina"]
[Black "Stopa, Jacek"]
[WhiteElo "2282"]
[BlackElo "2460"]
[Result "0-1"]
[PlyCount "70"]
[EventDate "2011.06.12"]

1. e4 e6 2. Nf3 d5 3. Nc3 Nf6 4. e5 Nfd7 5. d4 c5 6. dxc5 Nc6 7. Bf4 Bxc5 8.
Bd3 a6 9. O-O b5 10. Re1 Qb6 11. Bg3 h6 12. a4 b4 13. a5 Nxa5 14. Na4 Qd8 15.
Nxc5 Nxc5 16. Bf1 Bb7 17. Qd4 Qb6 18. Bf4 Nc6 19. Qd1 Ne4 20. Be3 Qc7 21. Nd4
Qxe5 22. f3 Nf6 23. Nxc6 Bxc6 24. Bxh6 Ne4 25. g3 Rxh6 26. fxe4 dxe4 27. c3 Rd8
28. Qe2 bxc3 29. bxc3 Qxc3 30. Rxa6 Qc5+ 31. Qe3 Qxe3+ 32. Rxe3 Bd5 33. Rc3 Kf8
34. Be2 Rb8 35. h4 Rf6 0-1

[Event "I Festival A"]
[Site "Forni di Sopra ITA"]
[Date "2011.06.13"]
[Round "2"]
[White "Matamoros Franco, Carlos S."]
[Black "Stella, Andrea"]
[WhiteElo "2542"]
[BlackElo "2398"]
[Result "1/2-1/2"]
[PlyCount "35"]
[EventDate "2011.06.12"]

1. g3 Nf6 2. c4 c6 3. Bg2 d5 4. Nf3 dxc4 5. O-O Nbd7 6. Qc2 Nb6 7. a4 a5 8. Na3
Be6 9. Ng5 Bg4 10. Nxc4 Bxe2 11. Ne5 Bh5 12. b4 e6 13. bxa5 Rxa5 14. d4 Bd6 15.
Bd2 Ra7 16. a5 Nbd5 17. a6 O-O 18. axb7 1/2-1/2

[Event "I Festival A"]
[Site "Forni di Sopra ITA"]
[Date "2011.06.13"]
[Round "2"]
[White "Meijers, Viesturs"]
[Black "Schmitz, Andreas Arnold"]
[WhiteElo "2473"]
[BlackElo "2052"]
[Result "1-0"]
[PlyCount "119"]
[EventDate "2011.06.12"]

1. Nf3 Nf6 2. c4 c5 3. e3 e6 4. b3 b6 5. Bb2 Bb7 6. g3 d5 7. Bg2 Nbd7 8. O-O
Bd6 9. Nc3 Rc8 10. Rc1 O-O 11. Qe2 Bb8 12. d4 dxc4 13. bxc4 Ne4 14. Nxe4 Bxe4
15. Rfd1 Qe7 16. Bh3 Qf6 17. Ne1 Qh6 18. Bf1 Rfd8 19. Nd3 cxd4 20. exd4 Nf6 21.
Ne5 Ba8 22. h3 Qh5 23. g4 Qh4 24. Rc2 h5 25. d5 hxg4 26. Rd4 Qg5 27. Nxg4 exd5
28. Bg2 Nh5 29. Bc1 Bf4 30. h4 Qf5 31. Qd1 Bxc1 32. Rxc1 Nf6 33. Ne3 Qg6 34.
cxd5 Rxc1 35. Qxc1 Qh6 36. Qc2 Nh5 37. Qf5 Qf6 38. Qg4 Qe5 39. Qg5 f6 40. Qg4
f5 41. Nxf5 Rf8 42. Be4 Rxf5 43. Bxf5 Nf6 44. Be6+ Kh8 45. Qf4 Qe1+ 46. Kg2
Qxe6 47. Qb8+ Qe8 48. Qxe8+ Nxe8 49. Kg3 Nf6 50. d6 Bc6 51. Rc4 Bd7 52. Rc7 a5
53. Ra7 a4 54. Kf4 Kg8 55. f3 Kf7 56. Ke5 Kg6 57. Ra8 Bc6 58. Ra6 Nd7+ 59. Kf4
Kf6 60. h5 1-0

[Event "I Festival A"]
[Site "Forni di Sopra ITA"]
[Date "2011.06.13"]
[Round "2"]
[White "Naumkin, Igor"]
[Black "Ceschia, Ivano"]
[WhiteElo "2506"]
[BlackElo "2257"]
[Result "0-1"]
[PlyCount "90"]
[EventDate "2011.06.12"]

1. d4 d5 2. c4 e6 3. Nf3 c5 4. cxd5 exd5 5. Nc3 Nc6 6. g3 Nf6 7. Bg2 Be7 8. O-O
O-O 9. Bf4 c4 10. Ne5 Bf5 11. h3 h6 12. g4 Be6 13. Qd2 Rc8 14. Rad1 Re8 15. Kh1
a6 16. Bh2 b5 17. a3 Qb6 18. f4 Rcd8 19. f5 Bc8 20. g5 hxg5 21. Qxg5 Nxd4 22.
e3 Nc2 23. Rf3 d4 24. Rg3 Bf8 25. exd4 Nxd4 26. Ng4 Nxf5 27. Rf1 Nxg3+ 28. Bxg3
Nxg4 29. hxg4 Qh6+ 30. Qxh6 gxh6 31. Nd5 Bg7 32. Bh4 Rxd5 33. Bxd5 Be6 34. Bb7
Bxb2 35. Bxa6 Bd5+ 36. Kg1 Bc6 37. a4 Re4 38. axb5 Rxg4+ 39. Kf2 Bd5 40. Bd8
Bd4+ 41. Ke1 c3 42. b6 Re4+ 43. Kd1 Bb3+ 44. Kc1 Be3+ 45. Kb1 Rb4 0-1

[Event "I Festival A"]
[Site "Forni di Sopra ITA"]
[Date "2011.06.13"]
[Round "2"]
[White "Papp, Gabor"]
[Black "Meszaros, Michal"]
[WhiteElo "2553"]
[BlackElo "2414"]
[Result "1/2-1/2"]
[PlyCount "78"]
[EventDate "2011.06.12"]

1. e4 c5 2. Nf3 Nc6 3. d4 cxd4 4. Nxd4 Nf6 5. Nc3 e5 6. Ndb5 d6 7. Bg5 a6 8.
Na3 b5 9. Nd5 Qa5+ 10. Bd2 Qd8 11. Nxf6+ Qxf6 12. Bd3 Qg6 13. O-O Be7 14. Re1
O-O 15. c4 Nd4 16. Kh1 Bh4 17. Rf1 f5 18. exf5 Bxf5 19. Bxf5 Qxf5 20. cxb5 axb5
21. Nxb5 Nxb5 22. Qb3+ Qf7 23. Qxb5 Rab8 24. Qd3 Rxb2 25. Bc3 Rxf2 26. Rxf2
Qxf2 27. a4 e4 28. Qc4+ Qf7 29. Qxf7+ Kxf7 30. g3 Bf6 31. Bxf6 gxf6 32. a5 Ra8
33. a6 Ra7 34. Kg2 Ke6 35. Kf2 Ke5 36. Ke3 d5 37. Ra4 d4+ 38. Rxd4 Rxa6 39.
Rxe4+ Kf5 1/2-1/2

[Event "I Festival A"]
[Site "Forni di Sopra ITA"]
[Date "2011.06.13"]
[Round "2"]
[White "Pastir, Stanislav"]
[Black "Jaracz, Barbara"]
[WhiteElo "2059"]
[BlackElo "2275"]
[Result "0-1"]
[PlyCount "74"]
[EventDate "2011.06.12"]

1. e4 e5 2. Nf3 Nc6 3. Bc4 Bc5 4. c3 Nf6 5. d4 exd4 6. cxd4 Bb4+ 7. Nc3 Nxe4 8.
O-O Bxc3 9. d5 Bf6 10. Re1 Ne7 11. Rxe4 d6 12. Bg5 Bxg5 13. Nxg5 h6 14. Qe2
hxg5 15. Re1 Be6 16. dxe6 f6 17. Re3 c6 18. Rh3 Rxh3 19. gxh3 g6 20. b4 Kf8 21.
h4 gxh4 22. Qg4 Kg7 23. Qxh4 d5 24. Bd3 Qd6 25. Qg4 a5 26. bxa5 c5 27. Bxg6
Nxg6 28. e7 Re8 29. Re3 Rxe7 30. Rg3 f5 31. Qh5 f4 32. Rh3 Qe5 33. Qh6+ Kf6 34.
Rh5 Qe1+ 35. Kg2 Qe4+ 36. Kg1 Re5 37. f3 Qe1+ 0-1

[Event "I Festival A"]
[Site "Forni di Sopra ITA"]
[Date "2011.06.13"]
[Round "2"]
[White "Piscopo, Pierluigi"]
[Black "Sorbera, Giovanni"]
[WhiteElo "2417"]
[BlackElo "2167"]
[Result "1/2-1/2"]
[PlyCount "66"]
[EventDate "2011.06.12"]

1. e4 Nf6 2. e5 Nd5 3. d4 d6 4. c4 Nb6 5. f4 dxe5 6. fxe5 Nc6 7. Be3 Bf5 8. Nc3
e6 9. Nf3 Be7 10. Be2 O-O 11. O-O f6 12. exf6 Bxf6 13. Qd2 Qe7 14. Rad1 Rad8
15. Qc1 Bg4 16. Ne4 Nc8 17. Nxf6+ gxf6 18. h3 Bh5 19. Rfe1 Nb8 20. Bf2 Qg7 21.
Nh4 Bxe2 22. Rxe2 Rde8 23. Rd3 Kh8 24. Rde3 Qd7 25. Qe1 Nc6 26. Nf3 Nd8 27. Qc3
Nd6 28. g4 Qg7 29. d5 e5 30. Nh4 c5 31. Qc2 f5 32. Rg3 f4 33. Bxc5 fxg3 1/2-1/2

[Event "I Festival A"]
[Site "Forni di Sopra ITA"]
[Date "2011.06.13"]
[Round "2"]
[White "Tonon, Alessandro"]
[Black "Bellincampi, Stefano"]
[WhiteElo "2242"]
[BlackElo "2067"]
[Result "1-0"]
[PlyCount "99"]
[EventDate "2011.06.12"]

1. d4 Nf6 2. c4 e6 3. Nc3 Bb4 4. Qc2 c5 5. dxc5 a6 6. Nf3 Qc7 7. g3 Bxc5 8. Bg2
Be7 9. Bf4 d6 10. b3 Nbd7 11. O-O O-O 12. Rfd1 Rb8 13. Rac1 Re8 14. h3 b6 15.
Qd2 e5 16. Be3 Bb7 17. Ng5 Bxg2 18. Kxg2 Qb7+ 19. f3 Nc5 20. Nd5 Nxd5 21. Qxd5
Qxd5 22. Rxd5 f5 23. h4 Bf8 24. Bxc5 dxc5 25. e4 h6 26. Nh3 fxe4 27. fxe4 b5
28. Nf2 bxc4 29. Rxc4 Rb4 30. Nd3 Rxc4 31. bxc4 Rb8 32. Rxe5 Rb1 33. Re6 Rd1
34. Nf2 Rc1 35. Rxa6 Rxc4 36. a4 Rc2 37. Kf3 c4 38. Rc6 Bb4 39. Nd1 c3 40. Ne3
Rc1 41. Nd5 c2 42. Ne3 Bd2 43. Nxc2 g5 44. Ke2 Ba5 45. hxg5 hxg5 46. Rc5 Bb6
47. Rxg5+ Kf7 48. Kd2 Rg1 49. a5 Bf2 50. Rf5+ 1-0

[Event "I Festival A"]
[Site "Forni di Sopra ITA"]
[Date "2011.06.13"]
[Round "2"]
[White "Vojta, Tomas"]
[Black "Petkov, Vladimir"]
[WhiteElo "2360"]
[BlackElo "2517"]
[Result "1-0"]
[PlyCount "104"]
[EventDate "2011.06.12"]

1. e4 e5 2. Nc3 Nf6 3. f4 d5 4. fxe5 Nxe4 5. Qf3 f5 6. Nh3 Nc6 7. d3 Nd4 8. Qd1
Qh4+ 9. g3 Nxg3 10. Bg5 Qg4 11. hxg3 Nf3+ 12. Kf2 Bc5+ 13. Be3 Bxe3+ 14. Kxe3
Qxg3 15. Nxd5 Nxe5+ 16. Kd2 O-O 17. Be2 Be6 18. Ndf4 Rae8 19. Qg1 Qxg1 20.
Raxg1 h6 21. b3 Bf7 22. d4 Rd8 23. Ke3 Nd7 24. Bd3 Rfe8+ 25. Kf2 Nf6 26. Bxf5
Rxd4 27. Rd1 Rxd1 28. Rxd1 g5 29. Nd3 Bd5 30. c4 Bc6 31. Re1 Rf8 32. Kg1 Nh5
33. Bg4 Nf6 34. Bf5 Nh5 35. Bg4 Nf6 36. Be6+ Kg7 37. Ne5 Be8 38. c5 Bh5 39. Bc4
Rd8 40. c6 b6 41. Nf2 Rd4 42. Nd7 Nxd7 43. Re7+ Kf6 44. Rxd7 Rxd7 45. cxd7 Ke7
46. Be6 Bf3 47. Ng4 Bc6 48. Nxh6 Bxd7 49. Bxd7 Kxd7 50. Kf2 Kc6 51. Ke3 Kb5 52.
a3 a5 1-0

[Event "I Festival A"]
[Site "Forni di Sopra ITA"]
[Date "2011.06.14"]
[Round "3"]
[White "Altini, Nicola"]
[Black "Piscopo, Pierluigi"]
[WhiteElo "2206"]
[BlackElo "2417"]
[Result "1/2-1/2"]
[PlyCount "79"]
[EventDate "2011.06.12"]

1. Nf3 Nf6 2. c4 e6 3. g3 a6 4. Bg2 b5 5. b3 Bb7 6. O-O c5 7. Bb2 Be7 8. Na3
Qb6 9. d4 cxd4 10. cxb5 axb5 11. Nc2 d3 12. Qxd3 Be4 13. Qd2 Qb7 14. Ne3 O-O
15. Bh3 Nc6 16. Ng2 h6 17. Nd4 Rfc8 18. Rfc1 Nxd4 19. Bxd4 Bh7 20. Nf4 Ne4 21.
Qe3 Rxc1+ 22. Qxc1 d6 23. Nxe6 fxe6 24. Bxe6+ Kh8 25. Qxh6 Bf6 26. Bxf6 Nxf6
27. Qd2 Qb6 28. a4 bxa4 29. bxa4 Ne4 30. Qf4 Qb2 31. Re1 Qf6 32. Qxf6 gxf6 33.
Bd5 Rxa4 34. Bxe4 Bxe4 35. Rd1 Ba8 36. f3 Ra6 37. Kf2 Kg7 38. g4 Bb7 39. Rc1
Bc6 40. e4 1/2-1/2

[Event "I Festival A"]
[Site "Forni di Sopra ITA"]
[Date "2011.06.14"]
[Round "3"]
[White "Banusz, Tamas"]
[Black "Stamenkovic, Dragan"]
[WhiteElo "2555"]
[BlackElo "2383"]
[Result "1-0"]
[PlyCount "147"]
[EventDate "2011.06.12"]

1. d4 d5 2. Nf3 c6 3. c4 e6 4. Qc2 Nf6 5. Bg5 Nbd7 6. Nbd2 Qa5 7. e3 Ne4 8.
cxd5 exd5 9. Bh4 Bb4 10. Bd3 Ndf6 11. Bxf6 Nxf6 12. O-O O-O 13. a3 Bxd2 14.
Nxd2 Re8 15. b4 Qd8 16. b5 cxb5 17. Bxb5 Re7 18. a4 Rc7 19. Qb1 g6 20. Bd3 Be6
21. Nb3 Nd7 22. Nc1 Rac8 23. Ne2 Nf6 24. a5 Qd6 25. h3 Qd7 26. Nf4 Rc3 27. Rd1
Kg7 28. Qb4 Bf5 29. Rab1 R3c7 30. Qb5 Bxd3 31. Nxd3 Qe7 32. Qb4 Ne4 33. Qxe7
Rxe7 34. Rb2 Rc3 35. Nf4 Nf6 36. Rb5 Rd7 37. Rdb1 g5 38. Ne2 Ra3 39. R1b2 h5
40. h4 gxh4 41. Nf4 a6 42. Rb6 Ra1+ 43. Rb1 Rxa5 44. f3 Ra3 45. Rxb7 Rxb7 46.
Rxb7 Rxe3 47. Kh2 Re1 48. Nd3 Rd1 49. Ne5 Nh7 50. Nxf7 Kf6 51. Ne5 Ng5 52. f4
Rxd4 53. Nd7+ Kf5 54. fxg5 Kxg5 55. Ne5 Ra4 56. Nf3+ Kf4 57. Rh7 Ke3 58. Rxh5
d4 59. Rxh4 Rb4 60. Rh5 Rb5 61. Rh6 a5 62. Kg3 a4 63. Re6+ Kd3 64. Ra6 Rb4 65.
Kf4 Ke2 66. g4 Kf2 67. Nxd4 Rxd4+ 68. Kf5 Ke3 69. g5 Rf4+ 70. Kg6 Kd3 71. Kh5
Kc3 72. g6 Kb4 73. g7 Rf1 74. Rg6 1-0

[Event "I Festival A"]
[Site "Forni di Sopra ITA"]
[Date "2011.06.14"]
[Round "3"]
[White "Bernardi, Ruben"]
[Black "Calzetta Ruiz, Monica"]
[WhiteElo "2162"]
[BlackElo "2308"]
[Result "0-1"]
[PlyCount "82"]
[EventDate "2011.06.12"]

1. e4 c5 2. Na3 a6 3. c3 Nc6 4. Nf3 d5 5. exd5 Qxd5 6. Nc4 Qd8 7. d4 cxd4 8.
Nxd4 Nxd4 9. Qxd4 Qxd4 10. cxd4 Be6 11. b3 Nf6 12. Bb2 Rd8 13. Be2 g6 14. O-O
Bg7 15. Rad1 O-O 16. Bf3 Bd5 17. Bxd5 Nxd5 18. Ne3 e6 19. Nc4 Rd7 20. Ne5 Rc7
21. a4 Rc2 22. Ba3 Rfc8 23. Rc1 Nf4 24. Rxc2 Rxc2 25. Rd1 Rc3 26. Bd6 Rxb3 27.
g3 Nd5 28. f4 Bf8 29. Bxf8 Kxf8 30. Nd7+ Ke7 31. Nc5 Rb4 32. a5 Ne3 33. Rd3 Nd5
34. Kg2 Rb2+ 35. Kf3 f5 36. h3 Kd6 37. Ra3 Rb4 38. Rd3 Nc7 39. Ke3 Kd5 40. Rd2
Nb5 41. Nxb7 Na3 0-1

[Event "I Festival A"]
[Site "Forni di Sopra ITA"]
[Date "2011.06.14"]
[Round "3"]
[White "Boscolo, Federico"]
[Black "Meijers, Viesturs"]
[WhiteElo "2233"]
[BlackElo "2473"]
[Result "1/2-1/2"]
[PlyCount "129"]
[EventDate "2011.06.12"]

1. e4 c5 2. c3 d5 3. exd5 Qxd5 4. d4 Nf6 5. Nf3 e6 6. Na3 a6 7. Nc2 Nc6 8. Be2
cxd4 9. Ncxd4 Nxd4 10. Qxd4 Qxd4 11. Nxd4 e5 12. Nf3 Bd6 13. O-O h6 14. c4 Be6
15. b3 Nd7 16. Bb2 f6 17. Rad1 Bc5 18. Bd3 O-O-O 19. a3 g5 20. b4 Be7 21. c5
Nb8 22. Be4 Nc6 23. Rfe1 Rhf8 24. Bc3 Na7 25. Bb2 Nb5 26. c6 b6 27. Rc1 Nc7 28.
h3 h5 29. Nh2 g4 30. hxg4 hxg4 31. g3 f5 32. Bg2 e4 33. Nf1 b5 34. Ne3 Rd2 35.
Bc3 Ra2 36. Ra1 Rxa1 37. Rxa1 Rd8 38. a4 Rd6 39. axb5 axb5 40. Bf1 Rxc6 41. Be5
Bd6 42. Bxd6 Rxd6 43. Rc1 Kb7 44. Rc5 Kb6 45. Nxf5 Rd1 46. Ne3 Rb1 47. Re5 Rxb4
48. Bg2 Rd4 49. Bxe4 b4 50. Bc2 b3 51. Rxe6+ Nxe6 52. Bxb3 Ng5 53. Bd1 Nf3+ 54.
Bxf3 gxf3 55. Kh2 Kc5 56. g4 Ra4 57. Kg3 Kd6 58. Kxf3 Ke5 59. Nd1 Ra3+ 60. Ne3
Rb3 61. g5 Rb4 62. Kg3 Ra4 63. Kf3 Rb4 64. Kg3 Ra4 65. Kf3 1/2-1/2

[Event "I Festival A"]
[Site "Forni di Sopra ITA"]
[Date "2011.06.14"]
[Round "3"]
[White "Ceschia, Ivano"]
[Black "Bruno, Fabio"]
[WhiteElo "2257"]
[BlackElo "2459"]
[Result "1-0"]
[PlyCount "41"]
[EventDate "2011.06.12"]

1. e4 c5 2. Nf3 e6 3. d4 cxd4 4. Nxd4 Nf6 5. Nc3 d6 6. Be3 a6 7. Qf3 Qc7 8. g4
h6 9. h4 Nbd7 10. g5 Ne5 11. Qe2 hxg5 12. Bxg5 Bd7 13. f4 Nc6 14. O-O-O Be7 15.
f5 e5 16. Nb3 Qb8 17. Qg2 b5 18. Nd5 Qa7 19. Be3 Nd4 20. Qxg7 Rf8 21. Bxd4 1-0

[Event "I Festival A"]
[Site "Forni di Sopra ITA"]
[Date "2011.06.14"]
[Round "3"]
[White "Collutiis, Duilio"]
[Black "Vojta, Tomas"]
[WhiteElo "2472"]
[BlackElo "2360"]
[Result "1/2-1/2"]
[PlyCount "38"]
[EventDate "2011.06.12"]

1. Nf3 Nc6 2. e4 d5 3. exd5 Qxd5 4. Nc3 Qa5 5. Bb5 Bd7 6. O-O e6 7. d4 Bb4 8.
Qd3 O-O-O 9. Bd2 a6 10. Bc4 Nge7 11. Ne4 Bxd2 12. Nexd2 Qf5 13. Qe2 Nd5 14. g3
h5 15. Ne4 h4 16. Nc5 Kb8 17. c3 Bc8 18. Rfe1 Qh5 19. Ne5 Nxe5 1/2-1/2

[Event "I Festival A"]
[Site "Forni di Sopra ITA"]
[Date "2011.06.14"]
[Round "3"]
[White "Di Paolo, Raffaele"]
[Black "Vykydal, Frantisek"]
[WhiteElo "2312"]
[BlackElo "2166"]
[Result "1-0"]
[PlyCount "111"]
[EventDate "2011.06.12"]

1. e4 Nf6 2. e5 Nd5 3. d4 d6 4. Nf3 Bg4 5. Be2 c6 6. O-O Bxf3 7. Bxf3 dxe5 8.
dxe5 e6 9. a3 Nd7 10. Qe2 Qc7 11. Re1 Ne7 12. Bf4 Ng6 13. Bg3 Be7 14. Nd2 O-O
15. Qe4 Qd8 16. Nc4 Bh4 17. Bxh4 Qxh4 18. Qxh4 Nxh4 19. Be4 Nc5 20. g3 Nxe4 21.
Rxe4 Nf5 22. Na5 c5 23. Rd1 b6 24. Nb7 Rfe8 25. Rd7 Re7 26. Rxe7 Nxe7 27. Re3
Nd5 28. Rd3 c4 29. Rd4 b5 30. Nd6 a6 31. f4 Kf8 32. Kf2 Ke7 33. Nf5+ Kf8 34.
Ne3 Nb6 35. Rd6 Na4 36. Nd1 Ke7 37. Ke3 Rd8 38. Rxd8 Kxd8 39. Kd4 Kc7 40. b3
cxb3 41. cxb3 Nb6 42. Nc3 f5 43. exf6 gxf6 44. Ne4 Nd7 45. Nc5 Nxc5 46. Kxc5 h5
47. h3 Kd7 48. g4 h4 49. b4 Ke8 50. Kd6 Kf7 51. g5 fxg5 52. fxg5 Kg7 53. Kxe6
Kg6 54. Kd5 Kf5 55. g6 Kxg6 56. Ke4 1-0

[Event "I Festival A"]
[Site "Forni di Sopra ITA"]
[Date "2011.06.14"]
[Round "3"]
[White "Dvirnyy, Danyyil"]
[Black "Jaracz, Pawel"]
[WhiteElo "2448"]
[BlackElo "2575"]
[Result "1-0"]
[PlyCount "63"]
[EventDate "2011.06.12"]

1. e4 c6 2. d4 d5 3. exd5 cxd5 4. c4 Nf6 5. Nc3 Nc6 6. Nf3 Be6 7. Bg5 h6 8.
Bxf6 exf6 9. a3 g5 10. Qb3 dxc4 11. Bxc4 Bxc4 12. Qxc4 Bd6 13. O-O O-O 14. g3
f5 15. Rfe1 Rc8 16. Qd3 Qd7 17. Nd5 Kg7 18. Ne3 Ne7 19. d5 f4 20. Nc4 Ng6 21.
Nd4 Kh7 22. Ne6 Rg8 23. Qf5 fxe6 24. dxe6 Qe7 25. Nxd6 Qxd6 26. e7 Qc6 27. Rad1
Rce8 28. Re6 Qc4 29. b3 Qxb3 30. Rdd6 f3 31. Rxg6 Rh8 32. Rxg5# 1-0

[Event "I Festival A"]
[Site "Forni di Sopra ITA"]
[Date "2011.06.14"]
[Round "3"]
[White "Estremera Panos, Sergio"]
[Black "Brunello, Marina"]
[WhiteElo "2364"]
[BlackElo "2177"]
[Result "1-0"]
[PlyCount "83"]
[EventDate "2011.06.12"]

1. d4 Nf6 2. c4 e6 3. Nc3 c5 4. d5 exd5 5. cxd5 d6 6. Nf3 g6 7. Nd2 a6 8. a4
Nbd7 9. e4 Bg7 10. Be2 O-O 11. O-O Rb8 12. f4 Qe7 13. Kh1 Ne8 14. Qc2 Ndf6 15.
Nc4 b5 16. Na5 Bd7 17. e5 Nh5 18. g4 Qh4 19. gxh5 dxe5 20. axb5 axb5 21. Nc6
Rb6 22. Nxe5 Bf5 23. Bd3 Bh3 24. Qf2 Qxh5 25. Re1 f6 26. Nc6 Kh8 27. Be2 Qf5
28. Bf3 b4 29. Na4 Ra6 30. Be3 Nc7 31. Nxc5 Rxa1 32. Rxa1 Nxd5 33. Nd4 Qc8 34.
Bxd5 Qxc5 35. Bf3 Qd6 36. Rd1 Rd8 37. Nc2 Qc7 38. Rxd8+ Qxd8 39. Nxb4 Qa5 40.
Qd2 g5 41. Nc6 Qa1+ 42. Qd1 1-0

[Event "I Festival A"]
[Site "Forni di Sopra ITA"]
[Date "2011.06.14"]
[Round "3"]
[White "Gutierrez Castillo, Paloma"]
[Black "Makropoulou, Marina"]
[WhiteElo "2090"]
[BlackElo "2282"]
[Result "0-1"]
[PlyCount "64"]
[EventDate "2011.06.12"]

1. e4 e5 2. Nf3 Nc6 3. Bc4 Bc5 4. c3 Nf6 5. d3 a6 6. Nbd2 Ba7 7. Bb3 d6 8. Nf1
Be6 9. Bc2 h6 10. Ng3 d5 11. exd5 Nxd5 12. O-O Qd6 13. Qe2 O-O-O 14. Re1 Nf4
15. Bxf4 exf4 16. Ne4 Qe7 17. d4 g5 18. b4 g4 19. Nfd2 f3 20. Qf1 Bxd4 21. b5
axb5 22. Qxb5 Bb6 23. Nc4 Bxc4 24. Qxc4 fxg2 25. Ng3 Ne5 26. Bf5+ Kb8 27. Kxg2
Rd2 28. Qe4 Rxf2+ 29. Kh1 Qh4 30. Nf1 Nf3 31. Re2 Nxh2 32. Rxf2 Nxf1+ 0-1

[Event "I Festival A"]
[Site "Forni di Sopra ITA"]
[Date "2011.06.14"]
[Round "3"]
[White "Korneev, Oleg"]
[Black "Lazic, Miroljub"]
[WhiteElo "2573"]
[BlackElo "2471"]
[Result "0-1"]
[PlyCount "106"]
[EventDate "2011.06.12"]

1. e4 Nc6 2. Nf3 d6 3. d4 Nf6 4. Nc3 Bg4 5. Be3 e5 6. Bb5 Nd7 7. dxe5 dxe5 8.
h3 Bxf3 9. gxf3 Ne7 10. Qe2 c6 11. Bc4 Ng6 12. O-O-O Be7 13. Rd2 Qc8 14. h4
Bxh4 15. Nb5 O-O 16. Nd6 Qc7 17. Nxf7 Rxf7 18. Bxf7+ Kxf7 19. Qc4+ Ke7 20. Rxh4
Nxh4 21. Bg5+ Kf8 22. Bxh4 Re8 23. Qb4+ Kf7 24. Rd6 Nf8 25. Qd2 Kg8 26. Bg3 Qf7
27. Rd3 h6 28. b3 Ng6 29. Rd7 Re7 30. Rd8+ Kh7 31. Qd3 Qf6 32. Ra8 Rf7 33. Rxa7
h5 34. a4 h4 35. Bh2 Qg5+ 36. Kb2 Qg2 37. a5 Qxf2 38. Qc4 Re7 39. Ra8 Qxh2 40.
a6 bxa6 41. Qg8+ Kh6 42. Rxa6 Qd2 43. Rxc6 Qd4+ 44. c3 Qf2+ 45. Ka3 Qxf3 46.
Qh8+ Kg5 47. Qd8 h3 48. Qd2+ Qf4 49. Qe2 Ra7+ 50. Kb2 Rf7 51. Ka3 Qf2 52. Qd1
h2 53. b4 Ra7+ 0-1

[Event "I Festival A"]
[Site "Forni di Sopra ITA"]
[Date "2011.06.14"]
[Round "3"]
[White "Petkov, Vladimir"]
[Black "Urosevic, Goran"]
[WhiteElo "2517"]
[BlackElo "2226"]
[Result "1-0"]
[PlyCount "83"]
[EventDate "2011.06.12"]

1. Nf3 Nf6 2. c4 c6 3. Nc3 d5 4. e3 g6 5. d4 Bg7 6. Be2 O-O 7. O-O Bg4 8. h3
Bxf3 9. Bxf3 dxc4 10. Qe2 Nbd7 11. Qxc4 e5 12. Rd1 Qe7 13. Qb3 Rab8 14. Bd2
Rfe8 15. Rac1 e4 16. Be2 Nb6 17. Be1 g5 18. a4 Nbd5 19. Nxd5 Nxd5 20. Rc5 h6
21. Bc4 Nb6 22. Qa2 Nxc4 23. Qxc4 Rbd8 24. b4 a6 25. b5 cxb5 26. axb5 axb5 27.
Rxb5 Rd7 28. Rc1 Qd6 29. Qb3 Qa6 30. Rb6 Qa7 31. Qb5 Red8 32. Bb4 Rd5 33. Bc5
Qa2 34. Rxb7 Rf5 35. Rf1 h5 36. Qc6 Qc2 37. Re7 Rdd5 38. Qe8+ Kh7 39. Rxf7 g4
40. Bf8 Rxf7 41. Qxf7 Rg5 42. Bxg7 1-0

[Event "I Festival A"]
[Site "Forni di Sopra ITA"]
[Date "2011.06.14"]
[Round "3"]
[White "Rotstein, Arkadij"]
[Black "Tonon, Alessandro"]
[WhiteElo "2547"]
[BlackElo "2242"]
[Result "1-0"]
[PlyCount "68"]
[EventDate "2011.06.12"]

1. g3 d5 2. Bg2 Nf6 3. Nf3 c5 4. c4 e6 5. O-O Nc6 6. cxd5 exd5 7. d4 Be6 8. Nc3
Be7 9. dxc5 Bxc5 10. Bg5 O-O 11. Bxf6 Qxf6 12. Nxd5 Qxb2 13. Nc7 Rad8 14. Qc1
Qxc1 15. Raxc1 Bb6 16. Nxe6 fxe6 17. e3 h6 18. Rc2 Nb4 19. Re2 Rf5 20. Rb1 Nd5
21. Rb3 Nf6 22. Rd2 Rxd2 23. Nxd2 Rc5 24. Bh3 Kf7 25. a4 Rc1+ 26. Kg2 g5 27.
Nf3 Ra1 28. Rb4 Ke7 29. Ne5 Ra2 30. Kf3 h5 31. g4 h4 32. Bf1 Nd5 33. Rc4 Kf6
34. Nd7+ Ke7 1-0